000
00204 a2200097 4500
001
23139
100
_a
Nawaz, M S
245
_a
The Heart Divided
260
_a
_b
Mumlaz Pubs
_c
1957
090
_c
15679
_d
15679
942
_a
NUST-CAE
_c
M
_c
6312
999
_c
258212
_d
258212